000 00294nam a2200121Ia 4500
008 220204s9999 xx 000 0 und d
082 _a667.28
_bVEN
100 _aK
245 0 _aChemistry of synthetic dyes. V 3
260 _aNew York
_bAcademic
_c1952
650 _aSynthetic dyes
942 _cBK
999 _c25986
_d25986